000
00356nam a2200157Ia 4500
008
230524s9999 xx 000 0 und d
082
_a
241.644
_b
ARA
100
_a
Arasu
245
0
_a
Total Quality Management
250
_a
2ND
260
_a
HYDERABAD
_c
2007
300
_a
19.39
500
_a
Quantity Number: 2
650
_a
Management
942
_c
BK
999
_c
49328
_d
49328